| 000 | 01004nam2a22002651 4500 | ||
|---|---|---|---|
| 001 | RU\NLR\INFOCOMM29\5000545413 | ||
| 005 | 20250616234251.0 | ||
| 035 | _a(NLR Aleph) 002287852 | ||
| 090 |
_a4104477 _c4104477 |
||
| 100 | _a20050822d2003 |||y0rusy50 ca | ||
| 101 | 0 | _arus | |
| 102 | _aRU | ||
| 105 | _ay ||||000|y | ||
| 200 | 1 |
_aЛегкий танк Т-26 _fМ.В. Коломиец, М. Свирин |
|
| 210 |
_d2003 _aБ. м. |
||
| 461 | 0 |
_1001RU\NLR\INFOCOMM29\5000545392 _12001#$aФронтовая иллюстрация$dFrontline illustration$eПериод. ил. изд.$zeng$v2003, №1 _94077846 _cМ. _d2001 - _lFrontline illustration _nСтратегия КМ _oПериод. ил. изд. _tФронтовая иллюстрация _v2003, №1 |
|
| 700 | 1 |
_aКоломиец _bМ.В. _4070 |
|
| 701 | 1 |
_aСвирин _bМ. _4070 |
|
| 801 | 1 |
_aRU _bInfoComm _c20050822 |
|
| 801 | 0 |
_aRU _bNLR _gPSBO |
|
| 852 |
_aNLR _jП11/4749 |
||
| 942 | _cISSUE | ||
| 980 | _aNB | ||
| 980 | _aRUSPER | ||